000 00776nam a2200241Ia 4500
003 OSt
005 20220918230848.0
006 a|||||r|||| 00| 0
007 ta
008 220917b |||||||| |||| 00| 0 eng d
024 _a260,907
037 _cTextual
040 _aARTS
_cARTS
_beng
041 _2eng
_aeng
082 _aV2N5:28t ARC, K6.9-1
110 _aWorking Group on Customs and Central Excise Adminustration,Government of ...
_9153408
245 0 _aAdministrative reforms commission
260 _aDelhi
_bGovernment of India
_c1968
650 _aHISTORY
700 _aWorking Group on Customs and Central Excise Adminustration,Government of ...
_9153409
942 _hV2N5:28t ARC, K6.9-1
_cTEXL
_2CC
999 _c289165
_d289165